| 000 | 00535nam a22001577a 4500 | ||
|---|---|---|---|
| 020 | _qHard Cover. | ||
| 082 | _a621.005 | ||
| 100 | _aNisar, Hussnain | ||
| 245 |
_aIMPACTS OF BUSINESS PROCESS OUTSOURCESING IN AN ORGANIZATION (A CASE STUDY OF ZTE) / _cHussnain Nisar. |
||
| 260 |
_aIslamabad : _bCEME - NUST, _c2011. |
||
| 300 |
_a57 p. : ill. ; _c30cm. |
||
| 650 |
_aEngineering Management-MS-Thesis. _916065 |
||
| 700 |
_aDr. Akhtar Nawaz Malik. _916099 |
||
| 942 |
_2ddc _cTHE |
||
| 999 |
_c537876 _d537876 |
||